=LDR 00000nam 2200000 4500 =001 000936 =005 20250712010229 =035 ##$$a 0010-0725000814 =007 ta =008 250712################a##########0#ind## =020 ##$$a 978-623-307-681-4 =082 ##$$a 398.209 598 =084 ##$$a 398.209 598 SUZ r =100 #$$a Suzat, Jane De =245 1#$$a Rapor yang Mencengangkan /$c Jane De Suza =250 ##$$a cetakan pertama =260 ##$$a Jakarta :$b badan pengembangan dan pembinaan bahasa,$c 2022 =300 ##$$a 18 hlm. : $b ilus. ; $c 22,9 cm$e 398.209 598 =650 #4$$a Literasi Bahan Bacaan =856 ##$$a TBM AS SUHADA =990 ##$$a TBM202400754